MLB Top 10 All Time Saves Leaders - Statistics

General Stats
  • This quiz has been taken 52 times
  • The average score is 6 of 10
Answer Stats
Saves Pitcher % Correct
652 Mariano Rivera
100%
601 Trevor Hoffman
81%
394 Craig Kimbrel
63%
478 Lee Smith
58%
422 Billy Wagner
56%
437 Francisco Rodriguez
53%
391 Kenley Jansen
53%
390 Dennis Eckersley
47%
424 John Franco
40%
377 Joe Nathan
30%
No matching quizzes found
Score Distribution
Percent of People with Each Score
Percentile by Number Answered
Your Score History
You have not taken this quiz